000 01202nam2a2200229 4500
001 rc\2867879
005 20260315051440.0
035 _a(NLR Aleph) 007021542
090 _a13581585
_c13581585
100 _a20260315 rusy50
101 0 _arus
102 _aRU
105 _ay z |||||
200 1 _aРемонт воздушных линий
_fСоставил М.В. Катков
_hЛекция 1
210 _dБ. г.
461 0 _1001rc\2867870
_12001#$aУстройство электрических линий$eЛекция 1-$fЦентр. профтехн. заочные курсы Н.К.П.С. Электротехн. отд-ние$vЧ. 2
_95913609
_aЦентральный политехнический заочный институт транспорта (Москва)
_c[Москва]
_dБ. г.
_fЦентр. профтехн. заочные курсы Н.К.П.С. Электротехн. отд-ние
_nТранспечать НКПС
_oЛекция 1-
_tУстройство электрических линий
_vЧ. 2
702 1 _aКатков
_bМ.В.
_4220
801 0 _aRU
_bNLR
_gpsbo
801 1 _aRU
_bELAR
_2rusmarc
852 _aNLR
_j30.17/93
942 _cUNSPEC
980 _aNB